[Event "HUN-chT2 Szechenyi 1718"]
[Site "Hungary"]
[Date "2017.11.26"]
[Round "2.7"]
[White "Fogarasi, Sandor"]
[Black "Csaszar, Miklos"]
[Result "0-1"]
[WhiteElo "1834"]
[BlackElo "1806"]
[PlyCount "78"]
[EventDate "2017.10.29"]
[EventType "team-tourn"]
[EventRounds "9"]
[EventCountry "HUN"]
[SourceTitle "EXT 2021"]
[Source "ChessBase"]
[SourceDate "2020.10.23"]
[SourceVersion "1"]
[SourceVersionDate "2020.10.23"]
[SourceQuality "1"]
[WhiteTeam "Ajka ASSE"]
[BlackTeam "Arboretum"]
[WhiteTeamCountry "HUN"]
[BlackTeamCountry "HUN"]

1. e4 c5 2. c4 Nc6 3. g3 g6 4. Bg2 Bg7 5. Ne2 e6 6. Nbc3 Nge7 7. 0-0 0-0 8. f4 d6 9. d3 a6 10. a4 Qc7 11. h3 Rb8 12. Bd2 Bd7 13. g4 Nb4 14. Be3 b5 15. axb5 axb5 16. cxb5 Bxb5 17. Nxb5 Rxb5 18. Nc3 Ra5 19. Rxa5 Qxa5 20. Kh1 Nbc6 21. Qd2 Rb8 22. Rf2 Nd4 23. Nd5 Nec6 24. Ne7+ Kf8 25. Nxc6 Qxd2 26. Rxd2 Nxc6 27. e5 Nd4 28. Bxd4 cxd4 29. exd6 Rd8 30. b4 Rxd6 31. b5 Rb6 32. Bc6 Bf6 33. Ra2 Rb8 34. Ra7 h6 35. Rd7 Rd8 36. Ra7 Rb8 37. Kg2 Be7 38. Kf3 Bc5 39. Ke4 Bxa7 0-1

[Event "HUN-chT2 Szechenyi 1617"]
[Site "Hungary"]
[Date "2016.10.09"]
[Round "2.6"]
[White "Sashalmi, Adam"]
[Black "Fogarasi, Sandor"]
[Result "1-0"]
[WhiteElo "1793"]
[BlackElo "1858"]
[PlyCount "63"]
[EventDate "2016.09.25"]
[EventType "team-tourn"]
[EventRounds "11"]
[EventCountry "HUN"]
[SourceTitle "EXT 2021"]
[Source "ChessBase"]
[SourceDate "2020.10.23"]
[SourceVersion "1"]
[SourceVersionDate "2020.10.23"]
[SourceQuality "1"]
[WhiteTeam "Papa"]
[BlackTeam "Ajka ASSE"]
[WhiteTeamCountry "HUN"]
[BlackTeamCountry "HUN"]

1. e4 e6 2. Nf3 d5 3. exd5 exd5 4. d4 Nf6 5. Bg5 Be7 6. Nc3 h6 7. Bf4 0-0 8. Be2 c6 9. a3 Nbd7 10. Qd2 Ne4 11. Nxe4 dxe4 12. Ne5 Nxe5 13. Bxe5 Bg5 14. Qc3 Be6 15. Qg3 f5 16. Qc3 f4 17. Rd1 Bd5 18. Qb4 e3 19. f3 Be7 20. Qxb7 c5 21. Qc7 Qxc7 22. Bxc7 c4 23. g3 fxg3 24. Bxg3 Rxf3 25. Bxf3 Bxf3 26. Rf1 Bxd1 27. Kxd1 c3 28. b4 a5 29. b5 Bxa3 30. b6 Re8 31. Ke2 Re7 32. Bc7 1-0

[Event "Fejer County-chT 1213"]
[Site "Fejer Region"]
[Date "2013.03.02"]
[Round "6.18"]
[White "Fogarasi, Sandor"]
[Black "Katona, Gergo"]
[Result "1/2-1/2"]
[WhiteElo "1857"]
[BlackElo "1625"]
[PlyCount "133"]
[EventDate "2012.11.03"]
[EventType "team-tourn"]
[EventRounds "7"]
[EventCountry "HUN"]
[SourceTitle "EXT 2019"]
[Source "ChessBase"]
[SourceDate "2018.10.10"]
[SourceVersion "1"]
[SourceVersionDate "2018.10.10"]
[SourceQuality "1"]
[WhiteTeam "Bodajk"]
[BlackTeam "Kiraly Sakk"]
[WhiteTeamCountry "HUN"]
[BlackTeamCountry "HUN"]

1. e4 e5 2. c4 Nf6 3. Nc3 Bc5 4. g3 0-0 5. Bg2 d6 6. h3 Nbd7 7. Nge2 Nb6 8. d3 c6 9. 0-0 d5 10. cxd5 cxd5 11. Kh2 dxe4 12. dxe4 Be6 13. f4 Qxd1 14. Rxd1 Nc4 15. f5 Bd7 16. Nd5 Bc6 17. Nec3 Bxd5 18. Nxd5 Nxd5 19. Rxd5 Bd4 20. Rb1 Rfd8 21. b3 Nb6 22. Rxd8+ Rxd8 23. Bb2 Nd7 24. Ba3 Nc5 25. Rd1 Rc8 26. Rd2 f6 27. Rc2 Rc7 28. Bf1 Na6 29. Bc4+ Kh8 30. Rd2 Nc5 31. Bd5 Nd7 32. Be6 Nb6 33. Kg2 Rc6 34. Bb2 Rd6 35. a4 Bc5 36. Rxd6 Bxd6 37. a5 Na8 38. Bd5 Nc7 39. Bxb7 Bb4 40. a6 Nb5 41. Kf3 Nd4+ 42. Bxd4 exd4 43. Ke2 Bd6 44. g4 Kg8 45. Kd3 Bc5 46. Bd5+ Kf8 47. Kc4 Bb6 48. h4 Ke7 49. g5 Kd6 50. Bg8 h6 51. gxh6 gxh6 52. h5 Ke5 53. Bd5 Kf4 54. Kd3 Kg5 55. Bf7 Kg4 56. b4 Kf4 57. Be6 Ke5 58. Kc4 Kxe4 59. Kb3 d3 60. Kc3 Ke3 61. Bb3 Bd4+ 62. Kc4 d2 63. Bd1 Be5 64. b5 Kf2 65. b6 Bb8 66. bxa7 Bxa7 67. Kd3 1/2-1/2

[Event "Fejer County-chT 1213"]
[Site "Fejer Region"]
[Date "2012.12.22"]
[Round "3.27"]
[White "Schaum, Bela"]
[Black "Fogarasi, Sandor"]
[Result "1-0"]
[WhiteElo "1591"]
[BlackElo "1857"]
[PlyCount "85"]
[EventDate "2012.11.03"]
[EventType "team-tourn"]
[EventRounds "7"]
[EventCountry "HUN"]
[SourceTitle "EXT 2019"]
[Source "ChessBase"]
[SourceDate "2018.10.10"]
[SourceVersion "1"]
[SourceVersionDate "2018.10.10"]
[SourceQuality "1"]
[WhiteTeam "MartonVal"]
[BlackTeam "Bodajk"]
[WhiteTeamCountry "HUN"]
[BlackTeamCountry "HUN"]

1. e4 c5 2. Nc3 e5 3. Nf3 Nc6 4. Bc4 d6 5. h3 Be7 6. Nd5 Nf6 7. Nxe7 Qxe7 8. d3 a6 9. c3 0-0 10. Bg5 h6 11. Bh4 Be6 12. Bb3 g5 13. Nxg5 Bxb3 14. axb3 Kh8 15. Nf3 Rg8 16. g3 Qe6 17. Bxf6+ Qxf6 18. Nh4 Ne7 19. Qd2 Qe6 20. Nf5 Nxf5 21. exf5 Qf6 22. Ra4 Qg5 23. Rh4 Kh7 24. Qxg5 Rxg5 25. b4 b5 26. bxc5 dxc5 27. Re4 f6 28. g4 Rg7 29. Ke2 a5 30. Ra1 a4 31. Ra3 Rga7 32. Ke3 Kg7 33. f4 exf4+ 34. Kxf4 Kf7 35. h4 Rd8 36. Ke3 Rad7 37. d4 c4 38. Ra1 Re7 39. Rxe7+ Kxe7 40. Kf4 Kd6 41. Re1 Kd5 42. Re6 Rf8 43. Rb6 1-0

[Event "HUN-chT2 Breyer 0203"]
[Site "Hungary"]
[Date "2003.03.23"]
[Round "9"]
[White "Tichy Racs, Balint"]
[Black "Fogarasi, Sandor"]
[Result "1/2-1/2"]
[WhiteElo "1850"]
[BlackElo "2029"]
[PlyCount "97"]
[EventDate "2002.09.22"]
[EventType "team"]
[EventRounds "11"]
[EventCountry "HUN"]
[SourceTitle "EXT 2009"]
[Source "ChessBase"]
[SourceDate "2008.11.26"]
[SourceVersion "1"]
[SourceVersionDate "2008.11.26"]
[SourceQuality "1"]

1. e4 c5 2. Nf3 d6 3. d4 cxd4 4. Nxd4 Nf6 5. Nc3 a6 6. Be2 e6 7. 0-0 Be7 8. Be3 b5 9. a3 Bb7 10. f3 d5 11. exd5 Nxd5 12. Nxd5 Bxd5 13. Nb3 0-0 14. f4 Nd7 15. Bf3 Nf6 16. Bxd5 Nxd5 17. Rf3 Nxe3 18. Rxe3 Qb6 19. Qe2 Rfd8 20. Kh1 Rd5 21. Re5 Rad8 22. Rf1 Qd6 23. Rxd5 Qxd5 24. f5 e5 25. Kg1 Bf6 26. Re1 Qd7 27. Qe4 a5 28. c3 a4 29. Nc5 Qa7 30. Qe3 Rd5 31. Ne4 Qd7 32. Qe2 Bd8 33. Qg4 f6 34. h4 h6 35. h5 Bb6+ 36. Kh2 Qf7 37. Qe2 Qc7 38. Qg4 Kf8 39. Qe2 Qf7 40. g4 Qc7 41. Kh1 Qc6 42. Kh2 Ke7 43. Rf1 Qd7 44. Rf3 Qc6 45. Rf1 Ba7 46. Re1 Qd7 47. Rf1 Rd3 48. Rf3 Rd1 49. Rf1 1/2-1/2